| 000 | 01315nam a22002657a 4500 | ||
|---|---|---|---|
| 003 | OSt | ||
| 005 | 20260309014348.0 | ||
| 008 | 260309b |||||||| |||| 00| 0 eng d | ||
| 040 |
_bEnglish. _cCvSU-CCAT Campus Library. _erda. |
||
| 050 |
_aUM T 379 _bM3B37 2002 |
||
| 100 |
_aBarrameda, Gemmabelle E., author. _919181 |
||
| 245 |
_aMathematical concepts relevant to drafting technology of the bachelor of science in industrial technology (BSIT) and bachelor of science in industrial education (BSIE) curricula of C.C.A.T. / _cGemmabelle E. Barrameda, Ma. Victoria G. Habla, Marivic V. Reyes. |
||
| 260 |
_aRosario, Cavite : _bCavite State University-CCAT Campus, _c2002 |
||
| 300 |
_aii, 35 leaves : _billustrations ; _c28 cm |
||
| 500 | _aUndergraduate Thesis (BSIT)--Cavite State University-CCAT Campus, 2002. | ||
| 504 | _aIncludes bibliographical references and appendices. | ||
| 546 | _aIn English text | ||
| 650 | 0 |
_aDrafting _92222 _xMathematics |
|
| 650 | 0 |
_aTechnical drawing _919183 _xStudy and teaching (Higher) _zPhilippines |
|
| 650 | 0 |
_aEngineering Mathematics _912841 _xStudy and teaching (Higher) _zPhilippines |
|
| 700 |
_aHabla, Ma. Victoria G., author _919184 |
||
| 700 |
_aReyes, Marivic V., author. _919185 |
||
| 942 |
_2lcc _cT/M/D _hT 379 M3B37 2002 _kUM |
||
| 999 |
_c4862 _d4862 |
||